Crónica de un fracaso Frustación de un pueblo

Sparad:
Bibliografiska uppgifter
Huvudupphovsman: Musulem, José
Materialtyp: Bok
Språk:spanska
Publicerad: Pacífico. 1973.
Ämnen:
Taggar: Lägg till en tagg
Inga taggar, Lägg till första taggen!

MARC

LEADER 00000nam a22000005a 4500
001 11206
003 CL-ChBUA
005 20120815103321.0
008 070301s1973 cl 000 0 spa
040 |a CL-ChBUA  |c CL-ChBUA 
082 0 0 |a 330.983 
090 |c 11206  |d 11206 
100 1 |a Musulem, José. 
245 1 0 |a Crónica de un fracaso Frustación de un pueblo 
260 |b Pacífico.  |c 1973. 
300 |a 399 p.  |c 18 cm. 
504 |a Indice. 
650 4 |a ECONOMIA - CHILE. 
942 |c LIB 
952 |0 0  |1 0  |4 0  |7 0  |9 16190  |a UNACH  |b UNACH  |c 300  |d 2007-03-05  |i 15.824.  |l 0  |o 330.983 / M 985.  |p 17189  |r 2016-09-22 00:00:00  |u 16190  |w 2012-08-08  |y LIB  |k 330.983 / M 985. 
999 |c 11206  |d 11206